000 00441nam a22001217a 4500
008 230629b xxu||||| |||| 00| 0 eng d
082 _a338.7
_bUON 1987
245 _aNon-Government Organisations (NGOs)
_bProceedings of a Seminar Held at the Institute for Development Studies,Nairobi, 19 September 1985
260 _aKenya
_bInstitute for Development Studies, University of Nairobi
_c1987
300 _aIV,75p
440 _n50
942 _2ddc
_cBK
999 _c3014
_d3014